| 000 | 00978nas a2200289 4500 | ||
|---|---|---|---|
| 001 | BR8101867 | ||
| 003 | BR-BrBNA | ||
| 005 | 20231205084612.0 | ||
| 007 | ta | ||
| 008 | 230509b bl.|||p| |||| 00| 00por d | ||
| 040 |
_aBR-BrBNA _bpor _cBiblioteca Nacional de Agricultura |
||
| 041 | _a(Pt) | ||
| 072 | _aP00; L60 | ||
| 100 | 1 | _aSilva, F. | |
| 100 | 1 | _aFallavena, M.A.B. | |
| 245 | 1 | _aEstudo da avifauna do Parque Estadual de Itapua, Rio Grande do Sul: biologia e anilhamento [Brasil] | |
| 246 | 1 | _a[Study on the poultry from the "Parque Estadual de Itapua", Rio Grande do Sul: biology and banding [Brazil]] | |
| 650 | _aRecurso natural | ||
| 650 | _aTaxonomia animal | ||
| 650 | _aPassaro | ||
| 650 | _aFauna | ||
| 650 | _aDistribuicao geografica | ||
| 650 | _aRio Grande do Sul | ||
| 773 | 0 |
_tIheringia. Serie Zoologia (Brazil) _xISSN 0073-4721 _g(Mar 1981), (no. 59) p. 89-118 _wBR8101867 |
|
| 909 |
_a202311 _bLúcia _c55 _dLúcia Elande |
||
| 942 |
_2AGRIS _n0 _cANA |
||
| 999 |
_c106191 _d106191 |
||